• 首页
  • 本馆介绍
  • 公告通知
  • 最新文献
  • 馆藏检索
  • 电子资源
  • 读者导购
  • 参考咨询
  • 我的图书馆
  • 登录
  • 详细信息显示
  • 放入我的书架
  • 预约/预借图书
  • 作者相关作品
  • 分类相关作品
  • 丛书相关作品
  • 出版社相关作品

书目信息

  • 表格格式
  • 工作单格式
  • 卡片格式
题名:
异常天气与环境污染事件的认识与应对
    
 
作者: 徐东群 主编
分册:  
出版信息: 武汉   湖北科学技术出版社  2016.12
页数: 142页
开本: 21cm
丛书名:
单 册:
中图分类: P467
科图分类:
主题词: 气候变化--应急对策 , 环境污染事故--应急对策
电子资源:
ISBN: 978-7-5352-9280-3
000 01084nam0 2200241 450
001 4368
005 20181011110002.77
010    @a978-7-5352-9280-3@dCNY28.00
100    @a20170802d2016 em y0chiy50 ea
101 0  @achi
102    @aCN@b420000
105    @aa z 000yy
200 1  @a异常天气与环境污染事件的认识与应对@9yi chang tian qi yu huan jing wu ran shi jian de ren shi yu ying dui@dCognition and coping of unusual weather and environmental pollution incident@f徐东群主编@zeng
210    @a武汉@c湖北科学技术出版社@d2016.12
215    @a142页@c图@d21cm
330    @a本书包含两部分内容,第一部分介绍了多种异常极端天气的形成原因,对人类健康的影响,以及如何正确应对这些极端天气的方法;第二部分介绍了在日常生活中可能出现的多种环境污染事件,对如何应对这些污染事件提出了一些指导建议。
510 1  @aCognition and coping of unusual weather and environmental pollution incident@zeng
606 0  @a气候变化@x应急对策
606 0  @a环境污染事故@x应急对策
690    @aP467@v5
701  0 @a徐东群@9xu dong qun@4主编
801  0 @aCN@b91MARC@c20170802
905    @aMuseLib@dP467@e124
    
    异常天气与环境污染事件的认识与应对=Cognition and coping of unusual weather and environmental pollution incident/徐东群主编.-武汉:湖北科学技术出版社,2016.12
    142页:图;21cm
    
    
    ISBN 978-7-5352-9280-3:CNY28.00
    本书包含两部分内容,第一部分介绍了多种异常极端天气的形成原因,对人类健康的影响,以及如何正确应对这些极端天气的方法;第二部分介绍了在日常生活中可能出现的多种环境污染事件,对如何应对这些污染事件提出了一些指导建议。
●
相关链接 在E读中查询图书 在五车中查询图书 在当当中查询图书 在豆瓣中查询图书


正题名:异常天气与环境污染事件的认识与应对     索取号:P467/124         预约/预借

序号 登录号 条形码 馆藏地/架位号 状态 备注
1 1124831   211248318   第二样本阅览室/ [索取号:P467/124] 在馆    
2 1124832   211248327   资源管理系资料室/ [索取号:P467/124] 在馆    
3 1124833   211248336   第三借阅区/ [索取号:P467/124] 在馆    
4 1124834   211248345   第三借阅区/ [索取号:P467/124] 在馆    
5 1124835   211248354   第三借阅区/ [索取号:P467/124] 在馆    
唐山师范学院图书馆 欢迎您!
大连网信软件有限公司© 版权所有